| 000 | 00784nam a2200265Ia 4500 | ||
|---|---|---|---|
| 003 | OSt | ||
| 005 | 20221006145629.0 | ||
| 006 | a|||||r|||| 00| 0 | ||
| 007 | ta | ||
| 008 | 221006b |||||||| |||| 00| 0 eng d | ||
| 020 |
_c _16.00 |
||
| 024 | _a15,516 | ||
| 037 | _cAnnuals, Advances | ||
| 040 |
_aEASL _cEASL _beng |
||
| 041 |
_2eng _aeng |
||
| 082 | _aW.41.C750, K8 | ||
| 100 |
_aTHOMAS Elbert Duncan _9654918 |
||
| 245 | 0 |
_aChinese political thought _b A study based upon the theories of the principal thinkers of the chou period |
|
| 260 |
_aNew York _bGreenwood Press Publishers _c1968 |
||
| 300 |
_a317p. _ccm. |
||
| 490 | _v RS | ||
| 650 | _aCEL | ||
| 942 |
_hW.41.C750, K8 _cREF _2CC |
||
| 999 |
_c1083602 _d1083602 |
||